| 000 | 00461nam a2200121Ia 4500 | ||
|---|---|---|---|
| 008 | 160609s9999 xx 000 0 und d | ||
| 100 | _aBlain, John M. | ||
| 245 | 3 | _aAn Introduction To Blender 3D - A Book For Beginners | |
| 245 | _cJohn M Blain | ||
| 260 | _c2011 | ||
| 650 | _x3D MODELING | ||
| 856 | _uhttp://download.blender.org/documentation/pdf/John%20M%20Blain%20-%20An%20Introduction%20To%20Blender%203D%20-%20A%20Book%20For%20Beginners%20%282011%29.pdf | ||
| 999 |
_c295705 _d295705 |
||